Bytový dom

Saved in:
Bibliographic Details
Main Author: Guláš, Marek (Author)
Other Authors: Križanová, Barbara (Thesis advisor)
Format: Manuscript Book
Language:Slovak
Published: 2024
Subjects:
Online Access:http://is.stuba.sk/zp/portal_zp.pl?podrobnosti=168487
https://opac.crzp.sk/?fn=detailBiblioForm&sid=E866CA411CD4E51497BE8D69BB2C
Tags: Add Tag
No Tags, Be the first to tag this record!

MARC

LEADER 00000ntm a22000003a 4500
001 stuzp99274
003 SK-STU
005 20240916142508.4
007 ta
008 150427s2015----xo-----f-mn---000-0-slo-d
040 |a STU  |b slo 
041 0 |a slo 
100 1 |a Guláš, Marek  |u 010270  |4 aut  |U SvF Stavebná fakulta  |T SvF Katedra technológie stavieb  |X 115802  |U V270  |Y 28  |7 115802 
242 0 1 |a Residential house  |y eng 
245 1 0 |a Bytový dom 
260 |c 2024 
650 4 |a Bytový dom  |2 slo 
650 4 |a Projekt organizácie výstavby  |2 slo 
650 4 |a Časový plán výstavby  |2 slo 
650 4 |a Debnenie stien  |2 slo 
650 4 |a PERI TRIO  |2 slo 
650 4 |a Construction schedule  |2 eng 
650 4 |a Apartment building  |2 eng 
650 4 |a Formwork  |2 eng 
650 4 |a PERI TRIO  |2 eng 
650 4 |a Construction project organisation  |2 eng 
700 1 |a Križanová, Barbara  |4 ths  |X 42510  |7 A000042510 
856 4 |u http://is.stuba.sk/zp/portal_zp.pl?podrobnosti=168487 
856 4 |u https://opac.crzp.sk/?fn=detailBiblioForm&sid=E866CA411CD4E51497BE8D69BB2C